Electricity reform power generation costs and investment

Enregistré dans:
Détails bibliographiques
Collectivité auteur: OECD. International Energy Agency
Format: Livre
Langue:anglais
Publié: Paris OECD/IEA 1999
Collection:Energy market reform
Sujets:
Tags: Ajouter un tag
Pas de tags, Soyez le premier à ajouter un tag!

MARC

LEADER 00000nam a2200000 4500
001 c121993
005 20221108121439.7
020 |a 92-64-16961-X 
041 0 |a eng 
044 |a FR 
245 1 0 |a Electricity reform  |b power generation costs and investment 
264 1 |a Paris  |b OECD/IEA  |c 1999 
300 |a 119 s. 
490 1 |a Energy market reform 
830 0 |a Energy market reform 
610 2 0 |a energetika 
610 2 0 |a energia 
610 2 0 |a elektrárne 
610 2 0 |a elektrina 
610 2 0 |a elektroenergetika 
610 2 0 |a výroba energie 
610 2 0 |a reformy 
610 2 0 |a trh energetický 
610 2 0 |a investície 
610 2 0 |a investovanie 
610 2 0 |a ceny 
610 2 0 |a ceny výrobné 
610 2 0 |a ceny výrobcov 
710 2 |a OECD. International Energy Agency